Les plus gros transferts du football - Nés en 1982 - Statistiques

Statistiques générales
  • Ce quiz a été pris 50 fois
  • Le résultat moyen est 3 sur 10
Statistiques - réponses
Montant de transfert (M €) Saison Nationalité Venant de Allant à Joueur % Correct
67,00 2009-2010 Brésil AC Milan Real Madrid Kakà
100%
38,00 2005-2006 Ghana Olympique Lyonnais Chelsea Michael Essien
91%
23,40 2003-2004 Brésil AC Parma Inter Adriano
28%
14,50 2002-2003 Brésil Inter AC Parma Adriano
28%
27,50 2009-2010 Angleterre Everton Manchester CIty Joleon Lescott
13%
31,00 2001-2002 Italie Bari AS Roma Antonio Cassano
11%
20,50 2008-2009 Portugal FC Porto Chelsea Bosingwa
11%
16,40 2008-2009 Angleterre FC Portsmouth Tottenham Jermain Defoe
11%
25,00 2005-2006 Italie AC Parma AC Milan Alberto Gilardino
9%
16,50 2007-2008 Nigeria Middlesbrough FC Everton Yakubu Aiyegbeni
0%
Aucun quiz correspondant
Distribution des résultats
% des personnes avec chaque résultat
Percentile par nombre de réponses
Votre historique - résultats
Vous n’avez pas pris ce quiz